Education and society : (Record no. 6432)
[ view plain ]
| 000 -LEADER | |
|---|---|
| fixed length control field | 01047cam a22003257a 4500 |
| 001 - CONTROL NUMBER | |
| control field | 14522950 |
| 003 - CONTROL NUMBER IDENTIFIER | |
| control field | OSt |
| 005 - DATE AND TIME OF LATEST TRANSACTION | |
| control field | 20200121104510.0 |
| 008 - FIXED-LENGTH DATA ELEMENTS--GENERAL INFORMATION | |
| fixed length control field | 060828s2004 enk b 001 0 eng |
| 010 ## - LIBRARY OF CONGRESS CONTROL NUMBER | |
| LC control number | 2004112580 |
| 015 ## - NATIONAL BIBLIOGRAPHY NUMBER | |
| National bibliography number | GBA4Y8228 |
| Source | bnb |
| 016 7# - NATIONAL BIBLIOGRAPHIC AGENCY CONTROL NUMBER | |
| Record control number | 007714517 |
| Source | Uk |
| 020 ## - INTERNATIONAL STANDARD BOOK NUMBER | |
| International Standard Book Number | 0745617085 |
| 020 ## - INTERNATIONAL STANDARD BOOK NUMBER | |
| International Standard Book Number | 0745617093 (pbk.) |
| 035 ## - SYSTEM CONTROL NUMBER | |
| System control number | (CStRLIN)PASGA2791922-B |
| 035 ## - SYSTEM CONTROL NUMBER | |
| System control number | (PSt) (Sirsi) a2791922 |
| 040 ## - CATALOGING SOURCE | |
| Original cataloging agency | UKM |
| Transcribing agency | UKM |
| Modifying agency | XLM |
| -- | C#P |
| -- | DLC |
| 042 ## - AUTHENTICATION CODE | |
| Authentication code | lccopycat |
| 050 00 - LIBRARY OF CONGRESS CALL NUMBER | |
| Item number | .M595 2004 |
| 082 04 - DEWEY DECIMAL CLASSIFICATION NUMBER | |
| Classification number | 306.43 |
| Edition number | 22 |
| Item number | MOO 2004 |
| 100 1# - MAIN ENTRY--PERSONAL NAME | |
| Personal name | Moore, Rob, |
| Dates associated with a name | 1946- |
| 9 (RLIN) | 13196 |
| 245 10 - TITLE STATEMENT | |
| Title | Education and society : |
| Remainder of title | issues and explanations in the sociology of education / |
| Statement of responsibility, etc. | Rob Moore. |
| 260 ## - PUBLICATION, DISTRIBUTION, ETC. (IMPRINT) | |
| Place of publication, distribution, etc. | Cambridge ; |
| -- | Malden, MA : |
| Name of publisher, distributor, etc. | Polity, |
| Date of publication, distribution, etc. | 2004. |
| 300 ## - PHYSICAL DESCRIPTION | |
| Extent | 196 p. ; |
| Dimensions | 24 cm. |
| 504 ## - BIBLIOGRAPHY, ETC. NOTE | |
| Bibliography, etc | Includes bibliographical references (p. [180]-188) and index. |
| 650 #0 - SUBJECT ADDED ENTRY--TOPICAL TERM | |
| Topical term or geographic name as entry element | Educational sociology. |
| 9 (RLIN) | 7615 |
| 906 ## - LOCAL DATA ELEMENT F, LDF (RLIN) | |
| a | 7 |
| b | cbc |
| c | copycat |
| d | 2 |
| e | epcn |
| f | 20 |
| g | y-gencatlg |
| 942 ## - ADDED ENTRY ELEMENTS (KOHA) | |
| Source of classification or shelving scheme | Dewey Decimal Classification |
| Koha item type | Open Shelf |
| Withdrawn status | Lost status | Source of classification or shelving scheme | Damaged status | Not for loan | Home library | Current library | Date acquired | Source of acquisition | Inventory number | Total Checkouts | Full call number | Barcode | Date last seen | Price effective from | Koha item type |
|---|---|---|---|---|---|---|---|---|---|---|---|---|---|---|---|
| Dewey Decimal Classification | MUST Main Library | MUST Main Library | 21/01/2020 | Purchase | 2013/37045 | 306.43 MOO 2004 | 2020-0043 | 21/01/2020 | 21/01/2020 | Open Shelf | |||||
| Dewey Decimal Classification | MUST Main Library | MUST Main Library | 29/01/2020 | Donation | 2013/37048 | 306.43 MOO 2004 | 2020-0229 | 29/01/2020 | 29/01/2020 | Open Shelf | |||||
| Dewey Decimal Classification | MUST Main Library | MUST Main Library | 23/07/2024 | Purchase | 13/37046 | 306.43 MOO 2004 | 2024-22080 | 23/07/2024 | 23/07/2024 | Open Shelf | |||||
| Dewey Decimal Classification | MUST Main Library | MUST Main Library | 23/07/2024 | Purchase | 13/37046 | 306.43 MOO 2004 | 2024-22081 | 23/07/2024 | 23/07/2024 | Open Shelf | |||||
| Dewey Decimal Classification | MUST Main Library | MUST Main Library | 23/07/2024 | Purchase | 12/35877 | 306.43 MOO 2004 | 2024-22082 | 23/07/2024 | 23/07/2024 | Open Shelf |
